[Event "Oberliga NRW 1516"]
[Site "Germany"]
[Date "2016.03.06"]
[Round "7.6"]
[White "Koch, Wolfgang Max"]
[Black "Molinaroli, Martin"]
[Result "1/2-1/2"]
[WhiteElo "2224"]
[BlackElo "2247"]
[PlyCount "77"]
[EventDate "2015.09.27"]
[EventType "team-tourn"]
[EventRounds "9"]
[EventCountry "GER"]
[SourceTitle "EXT 2017"]
[Source "ChessBase"]
[SourceDate "2016.10.25"]
[SourceVersion "1"]
[SourceVersionDate "2016.10.25"]
[SourceQuality "1"]
[WhiteTeam "Duesseldorf"]
[BlackTeam "Muenster"]
[WhiteTeamCountry "GER"]
[BlackTeamCountry "GER"]

1. d4 g6 2. c4 Bg7 3. e4 c5 4. d5 d6 5. Bd3 b5 6. cxb5 a6 7. a4 axb5 8. Bxb5+ Bd7 9. Na3 Nf6 10. Qe2 0-0 11. Nf3 Na6 12. 0-0 Nb4 13. Bd2 Qb6 14. Bc3 Qb7 15. Nd2 Rfb8 16. Ndc4 Bxb5 17. Nxb5 Ne8 18. Bxb4 cxb4 19. Qd3 Qa6 20. Nd4 Bxd4 21. Qxd4 b3 22. Nd2 Nf6 23. Rfe1 Qa5 24. f3 Nd7 25. Rec1 Rb4 26. Qc3 Qb6+ 27. Kh1 Ne5 28. h3 g5 29. a5 Rxa5 30. Rxa5 Qxa5 31. Nxb3 Qb6 32. Nd2 Rxb2 33. Nc4 Nxc4 34. Qxc4 Rb1 35. Rxb1 Qxb1+ 36. Kh2 Qb2 37. Qc8+ Kg7 38. Qf5 h6 39. Kh1 1/2-1/2

[Event "Oberliga Baden 1314"]
[Site "Germany"]
[Date "2014.01.19"]
[Round "5.2"]
[White "Roos, Jean Luc"]
[Black "Koch, Wolfgang Max"]
[Result "1-0"]
[WhiteElo "2257"]
[BlackElo "2298"]
[PlyCount "81"]
[EventDate "2013.10.13"]
[EventType "team-tourn"]
[EventRounds "9"]
[EventCountry "GER"]
[SourceTitle "EXT 2015"]
[Source "ChessBase"]
[SourceDate "2014.11.20"]
[SourceVersion "1"]
[SourceVersionDate "2014.11.20"]
[SourceQuality "1"]
[WhiteTeam "Kuppenheim"]
[BlackTeam "Hockenheim"]
[WhiteTeamCountry "GER"]
[BlackTeamCountry "GER"]

1. c4 d6 2. g3 g6 3. Bg2 Bg7 4. Nf3 f5 5. d4 Nf6 6. 0-0 0-0 7. Nc3 c6 8. d5 Bd7 9. Nd4 cxd5 10. cxd5 Na6 11. h3 Nc5 12. Be3 Qe8 13. Kh2 Qf7 14. Rc1 Rfc8 15. Nb3 Nce4 16. Nxe4 Nxe4 17. Rxc8+ Rxc8 18. Bxa7 Ra8 19. Be3 Rxa2 20. Qd3 Rxb2 21. Ra1 Qe8 22. Nd4 Nc5 23. Qd1 Ba4 24. Qc1 Rb4 25. Qc3 Rb6 26. Qa5 Ra6 27. Qb4 Qa8 28. Rb1 Ra5 29. Qb6 Bf6 30. Ne6 Ra6 31. Qc7 Nb3 32. g4 fxg4 33. hxg4 b6 34. g5 Ra7 35. Qc4 Be5+ 36. f4 Bg7 37. Rxb3 Bxb3 38. Qxb3 Rb7 39. Nxg7 Kxg7 40. Qc3+ Kf7 41. Bh3 1-0

[Event "Bundesliga 1213"]
[Site "Germany"]
[Date "2013.04.07"]
[Round "15.4"]
[White "Naiditsch, Arkadij"]
[Black "Koch, Wolfgang Max"]
[Result "1-0"]
[WhiteElo "2704"]
[BlackElo "2309"]
[PlyCount "57"]
[EventDate "2012.10.20"]
[EventType "team-tourn"]
[EventRounds "15"]
[EventCountry "GER"]
[SourceTitle "CBM 154"]
[Source "ChessBase"]
[SourceDate "2013.05.15"]
[SourceVersion "1"]
[SourceVersionDate "2013.05.15"]
[SourceQuality "1"]
[WhiteTeam "Baden-Baden"]
[BlackTeam "Hockenheim"]
[WhiteTeamCountry "GER"]
[BlackTeamCountry "GER"]

1. c4 d6 2. Nc3 f5 3. d4 Nf6 4. Nf3 g6 5. g3 Bg7 6. Bg2 0-0 7. 0-0 c6 8. Qb3 Kh8 9. Rd1 Na6 10. Qa3 Qb6 11. Bd2 Qb4 12. Qxb4 Nxb4 13. Rac1 Na6 14. d5 Bd7 15. Ne1 cxd5 16. cxd5 Rfc8 17. Nd3 Nc5 18. Nxc5 Rxc5 19. Be3 Rcc8 20. h3 Ne8 21. Bd4 Bxd4 22. Rxd4 Nf6 23. Re1 Kg8 24. e4 fxe4 25. g4 h6 26. Bxe4 g5 27. f4 gxf4 28. Bd3 Re8 29. Bg6 1-0

[Event "Bundesliga 1213"]
[Site "Germany"]
[Date "2013.04.05"]
[Round "13.3"]
[White "Koch, Wolfgang Max"]
[Black "Tiviakov, Sergei"]
[Result "0-1"]
[WhiteElo "2309"]
[BlackElo "2659"]
[PlyCount "112"]
[EventDate "2012.10.20"]
[EventType "team-tourn"]
[EventRounds "15"]
[EventCountry "GER"]
[SourceTitle "CBM 154"]
[Source "ChessBase"]
[SourceDate "2013.05.15"]
[SourceVersion "1"]
[SourceVersionDate "2013.05.15"]
[SourceQuality "1"]
[WhiteTeam "Hockenheim"]
[BlackTeam "Eppingen"]
[WhiteTeamCountry "GER"]
[BlackTeamCountry "GER"]

1. d4 Nf6 2. Nf3 e6 3. c4 b6 4. g3 Bb4+ 5. Bd2 Be7 6. Bg2 c6 7. 0-0 d5 8. Ne5 0-0 9. Nc3 Bb7 10. cxd5 cxd5 11. Rc1 Nfd7 12. Nxd7 Qxd7 13. f4 Nc6 14. Be3 Na5 15. b3 f5 16. Nb1 Ba6 17. Qd2 Nb7 18. Rc2 Nd6 19. Rfc1 Ne4 20. Qe1 Bd6 21. Bd2 Qe7 22. a3 Qf6 23. Bc3 g5 24. Bxe4 fxe4 25. e3 Bd3 26. Rg2 a5 27. Bb2 Rac8 28. Rxc8 Rxc8 29. Nc3 Qe7 30. Qa1 b5 31. Rf2 Rf8 32. Qc1 Qg7 33. Rg2 Bb8 34. Qd1 Kh8 35. Qh5 Qg6 36. Qd1 Rg8 37. Qd2 Qh5 38. fxg5 Rc8 39. b4 axb4 40. axb4 Qxg5 41. Qe1 Bd6 42. Nd1 Rf8 43. Nf2 Bc4 44. Bc1 Qf5 45. Bd2 Qf3 46. Bc3 Qe2 47. h3 Qxe1+ 48. Bxe1 Rf3 49. Bd2 Bxg3 50. Bc1 h5 51. Bd2 Kg7 52. Bc1 h4 53. Bd2 Kf7 54. Bc1 e5 55. dxe5 Ke6 56. Bd2 d4 0-1

[Event "BL2-Sued 0910"]
[Site "Germany"]
[Date "2010.04.11"]
[Round "9.6"]
[White "Koch, Wolfgang Max"]
[Black "Schiendorfer, Emanuel"]
[Result "1/2-1/2"]
[WhiteElo "2215"]
[BlackElo "2215"]
[PlyCount "74"]
[EventDate "2009.10.18"]
[EventType "team-tourn"]
[EventRounds "9"]
[EventCountry "GER"]
[SourceTitle "EXT 2011"]
[Source "ChessBase"]
[SourceDate "2010.11.26"]
[SourceVersion "1"]
[SourceVersionDate "2010.11.26"]
[SourceQuality "1"]
[WhiteTeam "Untergrombach"]
[BlackTeam "Boeblingen"]
[WhiteTeamCountry "GER"]
[BlackTeamCountry "GER"]

1. d4 Nf6 2. c4 e6 3. Nf3 d5 4. Nc3 Be7 5. Bg5 h6 6. Bh4 0-0 7. e3 b6 8. Be2 Bb7 9. Bxf6 Bxf6 10. cxd5 exd5 11. 0-0 Nd7 12. b4 c6 13. Qb3 a6 14. a4 b5 15. a5 Re8 16. Ne1 Be7 17. Nd3 Bd6 18. Rfe1 Nf6 19. Bf3 Bc8 20. Nc5 Bg4 21. Qd1 Bxf3 22. Qxf3 Bxc5 23. dxc5 Ne4 24. Ne2 Re6 25. Nf4 Ng5 26. Qd1 Re4 27. Qd2 Rc4 28. f3 Qf6 29. Rad1 Re8 30. Kh1 Ne6 31. Nd3 Rd8 32. f4 Nf8 33. Ne5 Re4 34. Ng4 Qh4 35. Ne5 Qf6 36. Ng4 Qh4 37. Ne5 Qf6 1/2-1/2

[Event "BL2-Sued 0910"]
[Site "Germany"]
[Date "2009.12.13"]
[Round "4.5"]
[White "Egger, Thomas"]
[Black "Koch, Wolfgang Max"]
[Result "1-0"]
[WhiteElo "2216"]
[BlackElo "2215"]
[PlyCount "89"]
[EventDate "2009.10.18"]
[EventType "team-tourn"]
[EventRounds "9"]
[EventCountry "GER"]
[SourceTitle "EXT 2011"]
[Source "ChessBase"]
[SourceDate "2010.11.26"]
[SourceVersion "1"]
[SourceVersionDate "2010.11.26"]
[SourceQuality "1"]
[WhiteTeam "Krumbach"]
[BlackTeam "Untergrombach"]
[WhiteTeamCountry "GER"]
[BlackTeamCountry "GER"]

1. Nf3 g6 2. g3 d6 3. d4 Bg7 4. Bg2 Nf6 5. 0-0 0-0 6. c4 c6 7. Nc3 Bf5 8. Nh4 Be6 9. b3 Qc8 10. Bb2 Bh3 11. e3 Bxg2 12. Kxg2 d5 13. Nf3 Qe6 14. Nd2 Nbd7 15. Rc1 Rac8 16. Qe2 a6 17. c5 Ne4 18. Ncxe4 dxe4 19. Qc4 Qxc4 20. Nxc4 f5 21. Bc3 Nf6 22. Ba5 Nd5 23. Rfd1 Rce8 24. Nb6 Rd8 25. Nc4 Rd7 26. a4 Re8 27. Nb6 Nxb6 28. Bxb6 Rd5 29. b4 Kf7 30. Kf1 e5 31. dxe5 Rexe5 32. Bc7 Rxd1+ 33. Rxd1 Re7 34. Bd8 Re8 35. Rd7+ Kg8 36. Ba5 Rb8 37. Bc7 Rf8 38. Bd6 Rc8 39. Rxb7 Bc3 40. Ke2 h6 41. h4 h5 42. Kd1 Ra8 43. Bb8 a5 44. b5 cxb5 45. c6 1-0

[Event "Bundesliga 0405"]
[Site "Germany"]
[Date "2005.04.09"]
[Round "14.7"]
[White "Koch, Wolfgang Max"]
[Black "Graf, Alexander"]
[Result "0-1"]
[WhiteElo "2330"]
[BlackElo "2646"]
[PlyCount "66"]
[EventDate "2004.11.12"]
[EventType "team-tourn"]
[EventRounds "15"]
[EventCountry "GER"]
[SourceTitle "CBM 107"]
[Source "ChessBase"]
[SourceDate "2005.08.01"]
[SourceVersion "1"]
[SourceVersionDate "2005.08.01"]
[SourceQuality "1"]
[WhiteTeam "Eppingen"]
[BlackTeam "Koeln Porz"]
[WhiteTeamCountry "GER"]
[BlackTeamCountry "GER"]

1. d4 Nf6 2. Nf3 e6 3. c4 d5 4. Nc3 c6 5. cxd5 exd5 6. Bg5 h6 7. Bxf6 Qxf6 8. e3 Bd6 9. Bd3 0-0 10. Qc2 Bg4 11. Ng1 Qg5 12. Nf3 Qe7 13. h3 Be6 14. 0-0 Nd7 15. Bh7+ Kh8 16. Bf5 Rae8 17. Rfe1 Bxf5 18. Qxf5 g6 19. Qc2 f5 20. g3 Nf6 21. Ne2 g5 22. Kg2 Ne4 23. Nc3 Qf6 24. Nxe4 fxe4 25. Nh2 h5 26. Qe2 Qg6 27. Rf1 Rf6 28. Rab1 Ref8 29. Qd1 Qf7 30. Qc2 h4 31. a4 Bb8 32. Qe2 Rf3 33. Kh1 Qh5 0-1

[Event "Feffernitz Raika op 13th"]
[Site "Feffernitz"]
[Date "2004.08.19"]
[Round "6"]
[White "Koch, Wolfgang Max"]
[Black "Praznik, Anton"]
[Result "1/2-1/2"]
[WhiteElo "2330"]
[BlackElo "2274"]
[PlyCount "161"]
[EventDate "2004.08.14"]
[EventType "swiss"]
[EventRounds "9"]
[EventCountry "AUT"]
[SourceTitle "EXT 2005"]
[Source "ChessBase"]
[SourceDate "2004.11.15"]
[SourceVersion "1"]
[SourceVersionDate "2004.11.15"]
[SourceQuality "1"]

1. d4 Nf6 2. Nf3 g6 3. c4 Bg7 4. Nc3 0-0 5. e4 d6 6. Be2 e5 7. 0-0 Na6 8. Be3 Ng4 9. Bg5 Qe8 10. dxe5 dxe5 11. Nd2 f6 12. Bxg4 fxg5 13. Nb3 c6 14. Bxc8 Qxc8 15. Qe2 Qe6 16. Rad1 Bf6 17. Nb1 g4 18. c5 Be7 19. Qe3 Rad8 20. Rc1 Nb4 21. Nc3 Nd3 22. Rc2 Nf4 23. Ne2 Rd7 24. Nbc1 Nxg2 25. Qb3 Nf4 26. Qxe6+ Nxe6 27. b4 Nd4 28. Rb2 Nf3+ 29. Kg2 Bh4 30. Nb3 Rfd8 31. Rfb1 Rf8 32. Rf1 Ng5 33. Ng3 Bxg3 34. hxg3 Rf3 35. Re1 Rc3 36. Na5 Nf3 37. Reb1 a6 38. a4 Nd4 39. Rd2 Kf7 40. Rb3 Rc1 41. Rbd3 Ke6 42. Rd1 Rxd1 43. Rxd1 h5 44. Nc4 Rh7 45. Ne3 Rf7 46. Rd3 Rd7 47. Nc4 Nf3 48. Rxd7 Kxd7 49. Na5 Nd2 50. Nxb7 Nxe4 51. f3 Nc3 52. fxg4 hxg4 53. Na5 Nxa4 54. Kf2 Nc3 55. Ke3 Nd5+ 56. Ke4 Nxb4 57. Kxe5 Nd3+ 58. Kd4 Nb4 59. Ke5 Nd5 60. Nb3 Ne3 61. Na5 g5 62. Kf6 Nf1 63. Kxg5 Nxg3 64. Kf4 Nf5 65. Kxg4 Nd4 66. Kf4 Ne6+ 67. Ke4 Nxc5+ 68. Kd4 Ne6+ 69. Kc4 Kd6 70. Kb4 Kd5 71. Nb3 Nd4 72. Nd2 Ne6 73. Ka5 Nc7 74. Kb6 c5 75. Kxc7 a5 76. Kb6 a4 77. Kb5 a3 78. Nb1 a2 79. Nc3+ Kd4 80. Nxa2 c4 81. Kb4 1/2-1/2

[Event "Feffernitz Raika op 13th"]
[Site "Feffernitz"]
[Date "2004.08.17"]
[Round "4"]
[White "Koch, Wolfgang Max"]
[Black "Antoniewski, Rafal"]
[Result "1/2-1/2"]
[WhiteElo "2330"]
[BlackElo "2484"]
[PlyCount "53"]
[EventDate "2004.08.14"]
[EventType "swiss"]
[EventRounds "9"]
[EventCountry "AUT"]
[SourceTitle "EXT 2005"]
[Source "ChessBase"]
[SourceDate "2004.11.15"]
[SourceVersion "1"]
[SourceVersionDate "2004.11.15"]
[SourceQuality "1"]

1. d4 Nf6 2. Nf3 g6 3. c4 Bg7 4. Nc3 d6 5. e4 0-0 6. Be2 Bg4 7. Be3 Nfd7 8. Ng1 Bxe2 9. Ngxe2 c5 10. d5 Na6 11. 0-0 Nc7 12. Rb1 Ne5 13. b3 e6 14. h3 exd5 15. Nxd5 Nc6 16. Bf4 Nd4 17. Nxd4 Bxd4 18. Nxc7 Qxc7 19. Qd3 Rfe8 20. Kh1 Re6 21. f3 Rae8 22. Bd2 Be5 23. Rbd1 Qe7 24. Bc3 Bf4 25. Bd2 Be5 26. Bc3 Bf4 27. Bd2 1/2-1/2

[Event "Cappelle op 20th"]
[Site "Cappelle la Grande"]
[Date "2004.03.04"]
[Round "7"]
[White "Slobodjan, Roman"]
[Black "Koch, Wolfgang Max"]
[Result "1-0"]
[WhiteElo "2516"]
[BlackElo "2319"]
[PlyCount "65"]
[EventDate "2004.02.28"]
[EventType "swiss"]
[EventRounds "9"]
[EventCountry "FRA"]
[SourceTitle "CBM 099 Extra"]
[Source "ChessBase"]
[SourceDate "2004.05.04"]
[SourceVersion "1"]
[SourceVersionDate "2004.05.04"]
[SourceQuality "1"]

1. e4 d6 2. d4 Nf6 3. f3 e5 4. dxe5 dxe5 5. Qxd8+ Kxd8 6. Bc4 Ke8 7. Be3 c6 8. Nd2 Nbd7 9. Nb3 Nb6 10. Bd3 Na4 11. 0-0-0 b6 12. Ne2 Be6 13. Ng3 Nd7 14. f4 f6 15. Be2 exf4 16. Bxf4 Ne5 17. Nf5 Nc5 18. Nxc5 bxc5 19. Nd6+ Ke7 20. Be3 Nd7 21. Rd2 g6 22. Rhd1 h5 23. Bc4 Bg4 24. Re1 Bh6 25. Bxh6 Rxh6 26. e5 fxe5 27. Nf7 Rh7 28. Nxe5 Nxe5 29. Rxe5+ Kf6 30. Rxc5 Bd7 31. Rd6+ Ke7 32. Rxg6 Rf8 33. Ra5 1-0

[Event "BL2-Sued 0304"]
[Site "Germany"]
[Date "2004.??.??"]
[Round "?.8"]
[White "Kluss, Kai"]
[Black "Koch, Wolfgang Max"]
[Result "0-1"]
[WhiteElo "2235"]
[BlackElo "2295"]
[PlyCount "136"]
[EventDate "2003.10.??"]
[EventType "team-tourn"]
[EventRounds "9"]
[EventCountry "GER"]
[SourceTitle "CBM 100 Extra"]
[Source "ChessBase"]
[SourceDate "2004.07.06"]
[SourceVersion "2"]
[SourceVersionDate "2004.07.06"]
[SourceQuality "1"]
[WhiteTeam "Bad Mergentheim"]
[BlackTeam "Eppingen"]
[WhiteTeamCountry "GER"]
[BlackTeamCountry "GER"]

1. d4 d6 2. c4 f5 3. g3 Nf6 4. Bg2 g6 5. Nf3 Bg7 6. 0-0 0-0 7. d5 a5 8. Nd4 Na6 9. Nc3 Bd7 10. e4 fxe4 11. Nxe4 Nxe4 12. Bxe4 Nc5 13. Bg2 Qe8 14. Be3 Kh8 15. Qd2 Qf7 16. Rfe1 a4 17. Rac1 Rfe8 18. h4 Kg8 19. Bg5 Bxd4 20. Qxd4 e5 21. dxe6 Nxe6 22. Qd2 Nxg5 23. Qxg5 c6 24. Be4 Re5 25. Qd2 Rae8 26. Bd3 Qe7 27. Rxe5 Qxe5 28. Bf1 Bg4 29. Rc3 Qe1 30. Qxe1 Rxe1 31. Kg2 Be2 32. Bxe2 Rxe2 33. Ra3 Rxb2 34. Rxa4 Kf7 35. Kf3 Ke6 36. Ke3 h5 37. f3 Ke5 38. Ra8 Rg2 39. Re8+ Kf6 40. Rf8+ Ke6 41. Rb8 Rxg3 42. Rxb7 Rg2 43. Rg7 Kf6 44. Rd7 Ke6 45. Rg7 d5 46. cxd5+ Kxd5 47. a4 Kc4 48. Rc7 c5 49. a5 Ra2 50. Rc6 Ra3+ 51. Ke2 Rxa5 52. Rxg6 Ra2+ 53. Ke3 Rh2 54. f4 Rh3+ 55. Kd2 Rxh4 56. f5 Rf4 57. Rg5 Rd4+ 58. Kc2 h4 59. Rh5 Rf4 60. Kd2 Kd4 61. f6 c4 62. f7 Rf2+ 63. Kc1 Kc3 64. Kb1 Rxf7 65. Rxh4 Kb3 66. Rh3+ c3 67. Rh1 Rf2 68. Rc1 Rb2+ 0-1

[Event "BL2-Sued 0203"]
[Site "Germany"]
[Date "2003.03.09"]
[Round "8.7"]
[White "Keller, Manfred"]
[Black "Koch, Wolfgang Max"]
[Result "0-1"]
[WhiteElo "2219"]
[BlackElo "2308"]
[PlyCount "84"]
[EventDate "2002.10.20"]
[EventType "team-tourn"]
[EventRounds "9"]
[EventCountry "GER"]
[SourceTitle "EXT 2004"]
[Source "ChessBase"]
[SourceDate "2003.11.25"]
[SourceVersion "1"]
[SourceVersionDate "2003.11.25"]
[SourceQuality "1"]
[WhiteTeam "Pang/Rosenheim"]
[BlackTeam "Eppingen"]
[WhiteTeamCountry "GER"]
[BlackTeamCountry "GER"]

1. e4 d6 2. d4 Nf6 3. Nc3 g6 4. f4 Bg7 5. Nf3 0-0 6. e5 dxe5 7. dxe5 Qxd1+ 8. Kxd1 Nh5 9. Bd3 c6 10. Be3 Bg4 11. Rf1 f6 12. exf6 exf6 13. h3 Bxf3+ 14. Rxf3 f5 15. Ke2 Nd7 16. g4 fxg4 17. hxg4 Nhf6 18. g5 Nd5 19. Bc4 Bxc3 20. bxc3 N7b6 21. Bb3 Rae8 22. Kf2 Re4 23. Kg3 Nc4 24. Bd4 Nd2 25. Bxd5+ cxd5 26. Rf2 Rxd4 27. cxd4 Ne4+ 28. Kg2 Nxf2 29. Kxf2 Rxf4+ 30. Ke3 Rf5 31. Rb1 b6 32. Rb5 Kf7 33. a4 Rxg5 34. a5 h5 35. axb6 axb6 36. Rxb6 Rf5 37. Rb7+ Kf6 38. Rh7 Kg5 39. Kd3 Kg4 40. Rg7 g5 41. c4 Rf3+ 42. Ke2 dxc4 0-1

[Event "BL2-Sued 0203"]
[Site "Germany"]
[Date "2003.02.23"]
[Round "7.7"]
[White "Koch, Wolfgang Max"]
[Black "Martinovic, Slobodan"]
[Result "1/2-1/2"]
[WhiteElo "2308"]
[BlackElo "2462"]
[PlyCount "55"]
[EventDate "2002.10.20"]
[EventType "team-tourn"]
[EventRounds "9"]
[EventCountry "GER"]
[SourceTitle "EXT 2004"]
[Source "ChessBase"]
[SourceDate "2003.11.25"]
[SourceVersion "1"]
[SourceVersionDate "2003.11.25"]
[SourceQuality "1"]
[WhiteTeam "Eppingen"]
[BlackTeam "St Ingbert"]
[WhiteTeamCountry "GER"]
[BlackTeamCountry "GER"]

1. d4 Nf6 2. Nf3 g6 3. c4 Bg7 4. Nc3 0-0 5. e4 c6 6. e5 Ne8 7. Bf4 d6 8. exd6 exd6 9. Be2 Nd7 10. 0-0 Ndf6 11. d5 c5 12. Qd2 Bg4 13. h3 Bxf3 14. Bxf3 Nd7 15. Be2 Ne5 16. Rfe1 a6 17. Bf1 Nc7 18. a4 b6 19. Bg5 f6 20. Be3 f5 21. f4 Nd7 22. Bf2 Qf6 23. Rab1 Rae8 24. Rxe8 Rxe8 25. Re1 Qd8 26. Kh2 Nf6 27. Bd3 a5 28. Rxe8+ 1/2-1/2

[Event "BL2-Sued 0203"]
[Site "Germany"]
[Date "2002.10.20"]
[Round "1.7"]
[White "Latzke, Boris Alexander"]
[Black "Koch, Wolfgang Max"]
[Result "1-0"]
[WhiteElo "2254"]
[BlackElo "2308"]
[PlyCount "95"]
[EventDate "2002.10.20"]
[EventType "team-tourn"]
[EventRounds "9"]
[EventCountry "GER"]
[SourceTitle "EXT 2004"]
[Source "ChessBase"]
[SourceDate "2003.11.25"]
[SourceVersion "1"]
[SourceVersionDate "2003.11.25"]
[SourceQuality "1"]
[WhiteTeam "Bebenhausen"]
[BlackTeam "Eppingen"]
[WhiteTeamCountry "GER"]
[BlackTeamCountry "GER"]

1. d4 d6 2. e4 Nf6 3. f3 Nbd7 4. c4 e5 5. d5 Be7 6. Nc3 Nh5 7. Be3 Bg5 8. Qd2 Bxe3 9. Qxe3 0-0 10. 0-0-0 a5 11. Bd3 Nc5 12. Bc2 a4 13. Nge2 a3 14. b3 Bd7 15. g4 Nf6 16. Ng3 Qb8 17. Nf5 Ne8 18. f4 Qa7 19. Rde1 Na6 20. Qg3 exf4 21. Qxf4 Nb4 22. e5 Nxc2 23. Kxc2 dxe5 24. Rxe5 Kh8 25. Rhe1 Qc5 26. Qe3 Qxe3 27. Nxe3 Nf6 28. h3 Rfe8 29. Nf5 Rxe5 30. Rxe5 Kg8 31. Ne4 Nxe4 32. Rxe4 Kf8 33. Ne3 b6 34. Kc3 h5 35. g5 Bxh3 36. Rh4 Bd7 37. Rxh5 Kg8 38. Kd4 Re8 39. Rh4 c5+ 40. dxc6 Bxc6 41. Nd5 Bxd5 42. cxd5 Re2 43. d6 Rd2+ 44. Ke5 Rxa2 45. d7 f6+ 46. gxf6 gxf6+ 47. Kd5 Rd2+ 48. Rd4 1-0

[Event "BL2-Sued 0102"]
[Site "Germany"]
[Date "2002.03.17"]
[Round "7.7"]
[White "Koch, Wolfgang Max"]
[Black "Beikert, Guenther"]
[Result "1/2-1/2"]
[WhiteElo "2312"]
[BlackElo "2438"]
[PlyCount "59"]
[EventDate "2001.10.07"]
[EventType "team-tourn"]
[EventRounds "9"]
[EventCountry "GER"]
[SourceTitle "CBM 088 Extra"]
[Source "ChessBase"]
[SourceDate "2002.07.01"]
[SourceVersion "2"]
[SourceVersionDate "2002.07.01"]
[SourceQuality "1"]
[WhiteTeam "Eppingen"]
[BlackTeam "Baden Oos"]
[WhiteTeamCountry "GER"]
[BlackTeamCountry "GER"]

1. d4 d5 2. c4 c6 3. Nf3 Nf6 4. e3 Bf5 5. Nc3 e6 6. Nh4 Bg6 7. Nxg6 hxg6 8. Qc2 Nbd7 9. Be2 Qc7 10. h3 0-0-0 11. Bd2 dxc4 12. Bxc4 Nb6 13. Be2 e5 14. Rc1 Kb8 15. Qb3 exd4 16. Nb5 dxe3 17. Bxe3 Qe5 18. Bxb6 axb6 19. Nc3 Bc5 20. Rc2 Ng4 21. Rf1 Nh2 22. Rh1 Rxh3 23. gxh3 Nf3+ 24. Kf1 Nd2+ 25. Rxd2 Rxd2 26. Qxf7 Rxb2 27. Qf3 Rb4 28. Nd1 Rf4 29. Qd3 Rd4 30. Qf3 1/2-1/2